00930nam a22002777a 4500003000500000005001700005008004100022010000900063011000900072035000900081040000900090082001200099111009300111245006800204260006300272300001100335490003800346650002700384650001300411650003300424650004000457650001200497650002800509711007900537830003600616CHAP20220817040943.0971013s1988 r 10010 d a3362 a4334 a3536 cCHAP a631bM400aMesa Redonda sobre la Organización Rural para el Desarrollo (d1988c: México, D.F.) aProblemática del desarrollo tecnológico nacionalb: memoria aMéxico, D.F. :bAcademia Mexicana de Ingeniería,c1988 a162 p. aAlternativas tecnológicasv; 2214aCampesinadozMéxico.14aCuencas.14aDesarrollo ruralxCongresos.14aIngeniería agrícolaxCongresos.14aPresas.14aSuelosxConservación.0 aMesa Redonda sobre Obras de Infraestructural Rural (1988 : México, D.F.)0 aAlternativas tecnologicasv; 22